Periodic Table Elements Beginning With L - Statistics

General Stats
  • This quiz has been taken 252 times
  • The average score is 4 of 6
Answer Stats
Answer % Correct
Lithium
99%
Lead
77%
Lanthanum
73%
Lawrencium
71%
Lutetium
65%
Livermorium
63%
No matching quizzes found
Score Distribution
Percent of People with Each Score
Percentile by Number Answered
Your Score History
You have not taken this quiz